000 00466nam a22001817a 4500
003 OSt
005 20140310182014.0
008 130730t xxu||||| |||| 00| 0 eng d
050 _aPZ 8.1
_b.T531 [ca.1990]
082 _aKF
_bH38t 19
245 _aThe Three Bears
260 _aEngland :
_bPeter haddock ltd,
_cc1984.
300 _a69p. :
_bill. ;
_c17cm.
541 _j1
562 _e1
650 _aChildren's fiction
_93702
942 _2lcc
_cBK-KF
_kKF
999 _c8208
_d8208